Normal view
MARC view
- Muhammad, Prophet -- Biography
Entry Topical Term
001 - CONTROL NUMBER
- control field: 130291
003 - CONTROL NUMBER IDENTIFIER
- control field: NUST
005 - DATE AND TIME OF LATEST TRANSACTION
- control field: 20250811140501.0
008 - FIXED-LENGTH DATA ELEMENTS
- fixed length control field: 250811|| aca||aabn | a|a d
040 ## - CATALOGING SOURCE
- Original cataloging agency: NUST
- Transcribing agency: NUST
150 ## - HEADING--TOPICAL TERM
- Topical term or geographic name entry element: Muhammad, Prophet -- Biography
670 ## - SOURCE DATA FOUND
- Source citation: Work cat.: (NUST): Abu Khalil, Shawqi, 113222, Atlas on the prophets (P.B.U.H) biography/, 2003.
